Μελέτη σκέδασης σωματιδίου κλασσικά & κβαντομηχανικά από κώνο : μεταπτυχιακή διατριβή
Μελέτη του φαινομένου της σκέδασης ενός σωματιδίου μάζας m, σε κωνικό βαρυτικό πεδίο, σύμφωνα με την Κλασσική και την Κβαντική Φυσική.
Αποθηκεύτηκε σε:
| Κύριος συγγραφέας: | |
|---|---|
| Συγγραφή απο Οργανισμό/Αρχή: | |
| Μορφή: | Thesis Βιβλίο |
| Γλώσσα: | Greek |
| Δημοσίευση: |
[2008].
|
| Θέματα: | |
| Ετικέτες: |
Προσθήκη ετικέτας
Δεν υπάρχουν, Καταχωρήστε ετικέτα πρώτοι!
|
MARC
| LEADER | 00000cam a2200000 i 4500 | ||
|---|---|---|---|
| 001 | 1/92052 | ||
| 008 | 080819q2008 gr | ||| |||| ||gre|| | ||
| 035 | |l 10099458 | ||
| 040 | |a GR-MyUA |b gre |e AACR2 | ||
| 041 | 0 | |a gre | |
| 082 | 0 | |a 530.12 |2 (22) | |
| 100 | 1 | |a Λεμονής, Γεράσιμος. | |
| 245 | 1 | 0 | |a Μελέτη σκέδασης σωματιδίου κλασσικά & κβαντομηχανικά από κώνο : |b μεταπτυχιακή διατριβή / |c Γεράσιμος Λεμονής ; επιβλέπων καθηγητής Αγαπητός Χατζηνικήτας. |
| 260 | |c [2008]. | ||
| 300 | |a 79 σ. : |b σχέδια ; |c 30 εκ. | ||
| 500 | |a Μέλη της εξεταστικής επιτροπής: Αγαπητός Χατζηνικήτας, Νίκος Καραχάλιος, Χρήστος Νικολόπουλος. | ||
| 500 | |a Διαθέσιμο και στο διαδίκτυο. | ||
| 502 | |a Διατριβή (μεταπτυχιακή) – Πανεπιστήμιο Αιγαίου, Σάμος, 2008. | ||
| 504 | |a Βιβλιογραφία: σ. 79. | ||
| 520 | |a Μελέτη του φαινομένου της σκέδασης ενός σωματιδίου μάζας m, σε κωνικό βαρυτικό πεδίο, σύμφωνα με την Κλασσική και την Κβαντική Φυσική. | ||
| 520 | |a Classical and Quantum Scattering on a Cone. | ||
| 610 | 2 | 0 | |a University of the Aegean |x Dissertations. |
| 650 | 0 | 0 | |a Quantum theory. |
| 650 | 0 | 0 | |a Scattering (Physics) |
| 650 | 0 | 0 | |a Dissertations, Academic |z Greece. |
| 700 | 1 | |a Χατζηνικήτας, Αγαπητός, |e dgs | |
| 710 | 2 | |a Πανεπιστήμιο Αιγαίου. |b Σχολή Θετικών Επιστημών. |b Τμήμα Μαθηματικών. |b Μεταπτυχιακό Πρόγραμμα Σπουδών Μαθηματική Μοντελοποίηση στις Φυσικές Επιστήμες και στις Σύγχρονες Τεχνολογίες. | |
| 852 | |a INST |b SAMOS |c DIATR |e 20080819 |h 530.12 ΛΕΜ |p 005300030125 |q 005300030125 |t MTXE |y 23 | ||
| 852 | |a INST |b SAMOS |c DIATR |e 20080819 |h 530.12 ΛΕΜ |p 005300030126 |q 005300030126 |t MTXE |y 23 | ||
| 901 | |a BIBL3-2008-2 | ||
| 909 | |a Σ |b 134656 | ||
| 909 | |a Σ |b 134657 | ||
| 924 | |a ΛΕΜΟΝΗΣ |b ΓΕΡΑΣΙΜΟΣ |y Σάμος |z 2008-08 | ||
| 970 | |a ΣΙΤΖΙΜΗ |b ΓΙΑΣΕΜΗ |z 2008/08/19 | ||